000 00801cam a2200205 4500
001 WS118028
008 020517n 000 0 eng u
035 _a(Sirsi) u118028
110 _aArchitectural Institute of Japan
_94244
245 _aArchitectural Institute of Japan
520 _aWeb site for this Japanese organisation for architects. Includes their code of ethics, details of their annual prizes, details of publications and links to the 'Journal of Asian Architecture and Building Engineering'.
650 _aJAPAN
650 _aINTERNATIONAL
650 _aORGANISATION
650 _aARCHITECTURE
650 _aCODE OF ETHICS
690 _aBUILT ENVIRONMENT-CONSTRUCTION DESIGN
856 4 0 _uhttps://www.aij.or.jp
_zView the website free of charge at www.aij.or.jp...
942 _n0
999 _c120045
_d120045